书目信息 |
| 题名: |
务虚笔记
|
|
| 作者: | 史铁生 著 | |
| 分册: | ||
| 出版信息: | 上海 上海文艺出版社 1996.04 |
|
| 页数: | 606页 | |
| 开本: | 32开 | |
| 丛书名: | ||
| 单 册: | ||
| 中图分类: | I247.5 | |
| 科图分类: | ||
| 主题词: | 小说--中国 | |
| 电子资源: | ||
| ISBN: | 7-5321-1481-3 | |
| 000 | 00520nam0 2200193 45 | |
| 001 | 0006191716 | |
| 005 | 20000619170846.5 | |
| 010 | @a7-5321-1481-3@d21.00元 | |
| 100 | @a20000619d1996 km y0chiy0120 ea | |
| 101 | 0 | @achi |
| 105 | @a z 000yy | |
| 200 | 1 | @a务虚笔记@AWu Xu Bi Ji@f史铁生著@FShi Tie Sheng Zhu |
| 210 | @a上海@c上海文艺出版社@d1996.04 | |
| 215 | @a606页@d32开 | |
| 606 | 0 | @a小说@x中国 |
| 690 | @aI247.5@v3 | |
| 701 | 0 | @a史铁生@4著 |
| 801 | @aCN@bPftUser@c20000619 | |
| 905 | @b205858@dI247.5@eSH796@f1 | |
| 务虚笔记/史铁生著.-上海:上海文艺出版社,1996.04 |
| 606页;32开 |
| ISBN 7-5321-1481-3:21.00元 |
| ● |
| 相关链接 |
|
|
|
正题名:务虚笔记
索取号:I247.5/SH796
 
预约/预借
| 序号 | 登录号 | 条形码 | 馆藏地/架位号 | 状态 | 备注 |
| 1 | 205858 | 202058584 | 社科二线422/422社科库 9排2列6层/ [索取号:I247.5/SH796] | 在馆 |